LEADER 02526nam0 22005173i 450 001 VAN00297554 005 20260128032839.195 017 70$2N$a9789401706995 100 $a20250827d1997 |0itac50 ba 101 $aeng 102 $aNL 105 $a|||| ||||| 181 $ai$b e 182 $ab 183 $acr 200 1 $aAlgorithmic and Computer Methods for Three-Manifolds$fby A. T. Fomenko and S. V. Matveev 210 $aDordrecht$cSpringer$cKluwer$d1997 215 $axii, 334 p.$d24 cm 300 $aTraduzione completamente riveduta e aggiornata di M. Tsaplina e M. Hazewinkel, dell'opera originale in lingua russa 410 1$1001VAN00022423$12001 $aMathematics and its applications$1210 $aDordrecht$cReidel$d1977-2007$1300 $aL'editore varia in: Kluwer ; [poi] Springer$v425 500 1$3VAN00297555$aAlgoritmicheskiye i komp?yuternyye metody v trekhmernoy topologii$94423647 606 $a55R35$xClassifying spaces of groups and H-spaces in algebraic topology [MSC 2020]$3VANC019831$2MF 606 $a57-XX$xManifolds and cell complexes [MSC 2020]$3VANC019671$2MF 606 $a57K30$xGeneral topology of 3-manifolds [MSC 2020]$3VANC025093$2MF 606 $a68U05$xComputer graphics; computational geometry (digital and algorithmic aspects) [MSC 2020]$3VANC020787$2MF 610 $aAlgorithms$9KW:K 610 $aComputers$9KW:K 610 $aGeometry$9KW:K 610 $aMechanics$9KW:K 610 $aModeling$9KW:K 620 $aNL$dDordrecht$3VANL000068 700 1$aFomenko$bAnatolij T.$3VANV030252$0541665 701 1$aMatveev$bSerge? V.$3VANV253219$01842982 712 $aKluwer $3VANV108116$4650 712 $aSpringer $3VANV108073$4650 790 1$aFomenko, Anatolij Timofeevi?$zFomenko, Anatolij T.$3VANV044248 790 1$aFomenko, A.T.$zFomenko, Anatolij T.$3VANV062035 790 1$aFomenko, A. T.$zFomenko, Anatolij T.$3VANV062036 801 $aIT$bSOL$c20260130$gRICA 856 4 $uhttps://doi.org/10.1007/978-94-017-0699-5$zE-book ? Accesso al full-text attraverso riconoscimento IP di Ateneo, proxy e/o Shibboleth 899 $aBIBLIOTECA DEL DIPARTIMENTO DI MATEMATICA E FISICA$1IT-CE0120$2VAN08 912 $fN 912 $aVAN00297554 950 $aBIBLIOTECA DEL DIPARTIMENTO DI MATEMATICA E FISICA$d08DLOAD e-Book 12423 $e08eMF12423 20250929 996 $aAlgoritmicheskiye i komp?yuternyye metody v trekhmernoy topologii$94423647 997 $aUNICAMPANIA